Cluttons 1765-1965 (Record no. 93566)

MARC details
000 -LEADER
fixed length control field 00734cam a2200229 4500
001 - CONTROL NUMBER
control field B3294
008 - FIXED-LENGTH DATA ELEMENTS--GENERAL INFORMATION
fixed length control field 071122s1965 xxkc f 00 0deng
035 ## - SYSTEM CONTROL NUMBER
System control number (Sirsi) u55142
041 ## - LANGUAGE CODE
Language code of text/sound track or separate title eng
050 04 - LIBRARY OF CONGRESS CALL NUMBER
Classification number 920 $2 18
110 2# - MAIN ENTRY--CORPORATE NAME
Corporate name or jurisdiction name as entry element Cluttons
9 (RLIN) 2064
245 00 - TITLE STATEMENT
Title Cluttons 1765-1965
260 ## - PUBLICATION, DISTRIBUTION, ETC.
Place of publication, distribution, etc. London
Name of publisher, distributor, etc. Cluttons
Date of publication, distribution, etc. 1965
300 ## - PHYSICAL DESCRIPTION
Extent 19 p.
Other physical details ill.
Dimensions 25 cm.
350 ## - PRICE (NR) (BK AM CF MU VM SE) [OBSOLETE]
Price 0
520 ## - SUMMARY, ETC.
Summary, etc. A history of the firm of Cluttons. Includes genealogies of the Clutton and Trumper families, a list of partners in the firm, and a list of members of the staff who had completed 50 years' service up to 1965.
600 14 - SUBJECT ADDED ENTRY--PERSONAL NAME
Personal name Clutton, John
651 #4 - SUBJECT ADDED ENTRY--GEOGRAPHIC NAME
Geographic name United Kingdom
Chronological subdivision
690 ## - LOCAL SUBJECT ADDED ENTRY--TOPICAL TERM (OCLC, RLIN)
Topical term or geographic name as entry element ABOUT RICS-RICS MEMBERS
942 ## - ADDED ENTRY ELEMENTS (KOHA)
Suppress in OPAC 0
948 ## - LOCAL PROCESSING INFORMATION (OCLC); SERIES PART DESIGNATOR (RLIN)
c (OCLC) 04/03/1997
Holdings
Withdrawn status Lost status Source of classification or shelving scheme Damaged status Not for loan Home library Current library Shelving location Date acquired Total Checkouts Full call number Barcode Date last seen Copy number Price effective from Koha item type
    Dewey Decimal Classification     London London Books 14/09/1999   920 CLU 30002441 06/08/2019 1 06/08/2019 Book
    Dewey Decimal Classification     London London Basement 22/11/2007   920 CLU 30074450 06/08/2019 2 06/08/2019 Book